000 00359nam a22001457a 4500
003 MACL
005 20190905154932.0
008 190905b xxu||||| |||| 00| 0 eng d
040 _cMACL
100 _aDas, Kartick
_976585
245 _aRural Economy: Changing Landscape
260 _aDelhi
_bDiscovery Pub
_c2017
650 _aEconomy
_976586
942 _2ddc
_cBK
999 _c60961
_d60961